Olivia rodrigo’s top hits - Statistics

General Stats
  • This quiz has been taken 333 times
  • The average score is 8 of 10
Answer Stats
Hint Answer % Correct
Do you get...... Déjà vu
93%
I got my... Drivers license
93%
You talked to her... Traitor
91%
Happy and healthy... Good 4 u
88%
Lately I’m a nervous wreck... Brutal
87%
She probably gives you butterfly’s.. Happier
86%
Bout kids who don’t know me.. Jealousy, jealousy
83%
I would say you broke my heart.. Enough for you
69%
Nothing’s as good as it seems.. Hope ur ok
66%
All the trouble that we made.. Favourite crime
44%
No matching quizzes found
Score Distribution
Percent of People with Each Score
Percentile by Number Answered
Your Score History
You have not taken this quiz